Numerical study of ignition of a metallized condensed substance by a source embedded into the subsurface layer; Russian Journal of Physical Chemistry B; Vol. 7, iss. 3
| Parent link: | Russian Journal of Physical Chemistry B: scientific journal.— , 1982- Vol. 7, iss. 3.— 2013.— [P. 274-275] |
|---|---|
| Autor Principal: | |
| Autor Corporativo: | |
| Outros autores: | , |
| Summary: | Title screen A numerical simulation of the ignition of structurally heterogeneous condensed material by a small single particle heated to high temperature, a typical limited heat content source of is performed within the framework of a solid-phase ignition model. The effect of the depth of embedment of the heated particle into the subsurface layer of the metallized material on the integral characteristics of the ignition is examined. Режим доступа: по договору с организацией-держателем ресурса |
| Idioma: | inglés |
| Publicado: |
2013
|
| Subjects: | |
| Acceso en liña: | http://dx.doi.org/10.1134/S1990793113050059 |
| Formato: | Electrónico Capítulo de libro |
| KOHA link: | https://koha.lib.tpu.ru/cgi-bin/koha/opac-detail.pl?biblionumber=649406 |
MARC
| LEADER | 00000naa0a2200000 4500 | ||
|---|---|---|---|
| 001 | 649406 | ||
| 005 | 20250305104036.0 | ||
| 035 | |a (RuTPU)RU\TPU\network\14568 | ||
| 035 | |a RU\TPU\network\14567 | ||
| 090 | |a 649406 | ||
| 100 | |a 20160711d2013 k||y0rusy50 ba | ||
| 101 | 0 | |a eng | |
| 102 | |a RU | ||
| 135 | |a drcn ---uucaa | ||
| 181 | 0 | |a i | |
| 182 | 0 | |a b | |
| 200 | 1 | |a Numerical study of ignition of a metallized condensed substance by a source embedded into the subsurface layer |f D. O. Glushkov, G. V. Kuznetsov, P. A. Strizhak | |
| 203 | |a Text |c electronic | ||
| 300 | |a Title screen | ||
| 320 | |a [References: p. 274-275 (25 tit.)] | ||
| 330 | |a A numerical simulation of the ignition of structurally heterogeneous condensed material by a small single particle heated to high temperature, a typical limited heat content source of is performed within the framework of a solid-phase ignition model. The effect of the depth of embedment of the heated particle into the subsurface layer of the metallized material on the integral characteristics of the ignition is examined. | ||
| 333 | |a Режим доступа: по договору с организацией-держателем ресурса | ||
| 461 | |t Russian Journal of Physical Chemistry B |o scientific journal |d 1982- | ||
| 463 | |t Vol. 7, iss. 3 |v [P. 274-275] |d 2013 | ||
| 610 | 1 | |a электронный ресурс | |
| 610 | 1 | |a труды учёных ТПУ | |
| 610 | 1 | |a зажигание | |
| 610 | 1 | |a источники энергии | |
| 610 | 1 | |a теплообмен | |
| 610 | 1 | |a численное моделирование | |
| 700 | 1 | |a Glushkov |b D. O. |c specialist in the field of power engineering |c Professor, Director of the ISHFVP of the Tomsk Polytechnic University, Doctor of Technical Sciences |f 1988- |g Dmitry Olegovich |3 (RuTPU)RU\TPU\pers\32471 |9 16419 | |
| 701 | 1 | |a Kuznetsov |b G. V. |c Specialist in the field of heat power energy |c Professor of Tomsk Polytechnic University, Doctor of Physical and Mathematical Sciences |f 1949- |g Geny Vladimirovich |3 (RuTPU)RU\TPU\pers\31891 |9 15963 | |
| 701 | 1 | |a Strizhak |b P. A. |c Specialist in the field of heat power energy |c Doctor of Physical and Mathematical Sciences (DSc), Professor of Tomsk Polytechnic University (TPU) |f 1985- |g Pavel Alexandrovich |3 (RuTPU)RU\TPU\pers\30871 |9 15117 | |
| 712 | 0 | 2 | |a Национальный исследовательский Томский политехнический университет |b Энергетический институт |b Кафедра теоретической и промышленной теплотехники |3 (RuTPU)RU\TPU\col\18679 |9 27132 |
| 801 | 2 | |a RU |b 63413507 |c 20160711 |g RCR | |
| 856 | 4 | |u http://dx.doi.org/10.1134/S1990793113050059 | |
| 942 | |c CF | ||